| 000 | 01044nam a2200301 i 4500 | ||
|---|---|---|---|
| 003 | DO-SdBNP | ||
| 005 | 20240503073631.0 | ||
| 007 | ta | ||
| 008 | 230327b1934 sp ||||| |||| 00| 0 spa d | ||
| 040 |
_aDO-SdBNP _bspa _cBNPHU _erda |
||
| 082 | 4 |
_a863.3 _bC419i 1934 _222 |
|
| 100 | 1 |
_aCervantes Saavedra, Miguel de, _d1547-1616 _93070 |
|
| 245 | 1 | 3 |
_aEl ingenioso hidalgo don Quijote de la Mancha / _cMiguel de Cervantes Saavedra ; edición y notas de Francisco Rodríguez Marín. |
| 250 | _a3a. ed. | ||
| 264 |
_aMadrid : _bEspasa-Calpe, _c1934. |
||
| 300 |
_avolumen ; _c19 cm. |
||
| 336 |
_2rdacontent _atexto _btxt |
||
| 337 |
_2rdamedia _asin mediación _bn |
||
| 338 |
_2rdacarrier _avolumen _bnc |
||
| 490 | 0 | _aClásicos castellanos | |
| 500 | _aLa biblioteca posee el volumen 4 | ||
| 590 | _aInventariado, 2023/BT | ||
| 650 | 4 |
_aNovela española _91123 |
|
| 650 | 4 |
_aLiteratura española _9632 |
|
| 700 | 1 |
_aRodríguez Marín, Francisco, _eedición _915860 |
|
| 910 | _aBtavárez/Validado. Control de calidad MFF | ||
| 942 |
_2ddc _cLBS1 |
||
| 999 |
_c53173 _d53173 |
||